1657 1738 1485 1368 1548 1304 1765 1505 1160 1813 1368 1935 1816 1751 1681 1152 1031 1860 1462 1130 1435 1191 1255 1306 1547 1990 1652 1024 1580 1295 1908 1599 1337 1454 1687 1810 1018 1321 1698 1689 1748 1159 1603 1867 1959 1444 1609 1805 1503 1746 1843 1311 1557 1135 1260 1500 1503 1406 1842 1289 1434 1666 1777 1989 1729 1469 1289 1433 1412 1101 1393 1680 1260 1002 1359 1902 1024 1835 1038 1080 1557 1338 1329 1693 1339 1413 1396 1629 1178 1757 1923 1330 1226 1748 1988 1031 1377 1390 1140 BCNSPRNW ULIB Ver.6.0+V

เปลี่ยนเป็นภาษาไทย

Change to English
 แสดงรายละเอียดบรรณานุกรม
  กลับหน้าหลัก

Brief Record : Get Marc (ISO 2709) : E-mail record : QR code < ปิดหน้าต่าง
LEADER : 00000nam 2200000uu 4500
001    13399111368
003     ULIB
008    110623s||||||||th 000 0 tha d
020    9789744018199
050  4 BJ1486^bด389ค 2553
100 0  ดาดา
245 10 ความสุขอยู่ใกล้...แค่ใจเรา/^cดาดา
250    พิมพ์ครั้งที่ 1
260    กรุงเทพฯ :^bโลกสวย,^c2553
300    181 หน้า
650  7 ความสุข
710 1  โลกสวย
945    ^p150^l0^i027971
995    ทศพร
999 ^a ใช้งานได้ทุกระบบ
รายการนี้ยังไม่มีแท็ก
คุณยังไม่ได้ล็อกอิน คุณสามารถมีกิจกรรมร่วมกับเว็บไซต์ได้ แต่ต้องล็อกอินก่อน ::
  ล็อกอิน

รายการสื่อสารสนเทศ

ลำดับที่ ประเภท เลขเรียก/บาร์โค้ด สถานที่ สถานะ
- ไม่พบข้อมูล -

รายการใกล้เคียง
    หัวเรื่อง [ความสุข]

BibComment


ยังไม่เคยถูกคอมเมนท์

คอมเมนท์ทรัพยากรรายการนี้
  คอมเมนท์: ความสุขอยู่ใกล้แค..


 Copyright 2026. Bcnsprnw @Library